000 01330nmc a2200469 a 4500
003 AR-BaBNM
005 20251128211643.0
008 185020s[200 ||||||||||||||000 | spa||
020 _a980-251-113-7
040 _cAR-BaBNM
245 1 0 _aGénero y educación
_bla escuela coeducativa
250 _a1ª ed.
260 _aCaracas
_bLaboratorio Educativo
_c[2002]
300 0 _a110 p.
490 0 _aClaves para la innovación educativa
_vv. 15
504 _aIncluye referencias bibliográficas al final de cada capítulo
650 4 _aCOEDUCACION
650 4 _aDIFERENCIAS ENTRE SEXOS
650 4 _aCURRICULO
650 4 _aENSEÑANZA DE LA CIENCIA
653 0 _aGENERO
653 0 _aEDUCACION INICIAL
653 0 _aEDUCACION PRIMARIA
653 0 _aEDUCACION SECUNDARIA
653 0 _aEXPERIENCIAS EDUCATIVAS
700 1 _aAbad, María Luisa
700 1 _aArias, Azucena
700 1 _aBlanco, Nieves
700 1 _aCumellas Riera, Montserrat
700 1 _aJiménez, Ma. Pilar
700 1 _aPadró, Francesc
700 1 _aPerales, Presentación
700 1 _aRuiz, Rafael A.
700 1 _aSierra, Carmen
700 1 _aSolsona, Núria
700 1 _aSubias, Rafaela
700 1 _aSubirats, Marina
700 1 _aTomé, Amparo
700 1 _aTudela, Pilar
942 _cBK
998 _ccalidad
999 _c20593
_d20593